| 000 | 00474nam a22001817a 4500 | ||
|---|---|---|---|
| 003 | MPLRDC | ||
| 005 | 20220104143016.0 | ||
| 008 | 210129b ||||| |||| 00| 0 eng d | ||
| 020 | _a967-84-1207-1 | ||
| 082 | _a859.6 XXHW v.2 | ||
| 100 | _a洪全编写; 克宾绘图 | ||
| 245 |
_a瞎眼妈妈 _c |
||
| 260 |
_a _b大传出版有限公司 _c |
||
| 300 | _b平 | ||
| 490 | _a小学华文辅助读物三,四年级 | ||
| 650 | _a辅助读物 | ||
| 942 |
_cBK _o859.6 XXHW v.2 |
||
| 999 |
_c35749 _d35739 |
||